zpět

Detail výsledku týmu

U Buriana, Třinec

Datum a čas kvízu

35 Celkem bodů Celkový počet nahraných bodů na tomto kvízu bez doplňovacích otázek.
1. Pořadí na kvízu Konečné umístění týmu na tomto kvízu.

Zaznamenané odpovědi

# Otázka Odpověď Body Výsledky
1. Žena jednoho bývalého českého... Petr Nečas 1
2. Britský soud v pátek poslal do... C) funkční splachovací záchod 0
3. Ve čtvrtek měla v českých kine... Jak vycvičit draka 0
4. Česká mutace jednoho oblíbenéh... Playboy 1
5. Ve které zemi byl v úterý zahá... na Slovensku 1
6. Toto téma začneme prostě, a to... Mantikora (Mantichora) 1
7. Termínem Jókai (Yōkai) se ozna... A 0
8. V roce 2009 byl Rodinným autem... Škoda Yeti 1
9. V této otázce bude vaším úkole... 1D 2A 3B 4C 0
10. Na závěr jedno české mytologic... Blaník 0